Rodové aspekty a hospodárske trendy v krajinách tretieho sveta bakalárska práca

Gespeichert in:
Bibliographische Detailangaben
1. Verfasser: Szantová, Lýdia
Körperschaft: Fakulta medzinárodných vzťahov EU. Katedra medzinárodných politických vzťahov
Weitere Verfasser: Barátová, Jana
Format: Buch
Sprache:Slowakisch
Veröffentlicht: Bratislava 2011
Tags: Tag hinzufügen
Keine Tags, Fügen Sie das erste Tag hinzu!

MARC

LEADER 00000nbm a2200000 4500
001 0131167
005 20170315102711.5
041 0 |a slo 
044 |a SK 
245 1 0 |a Rodové aspekty a hospodárske trendy v krajinách tretieho sveta  |b bakalárska práca  |c Lýdia Szantová ; školiteľ:Jana Barátová 
264 1 |a Bratislava  |c 2011 
300 |a 56 s. 
100 1 |a Szantová, Lýdia 
700 1 |a Barátová, Jana 
710 2 |a Fakulta medzinárodných vzťahov EU. Katedra medzinárodných politických vzťahov